000 00793nam a2200217Ii 4500
003 JO-AjNU
008 230605s9999||||xx |||||||||||||| ||und||
017 _a1997/10/1523
040 _aJO-AjNU
_bara
_erda
_cJO-AjNU
041 _aara
050 1 4 _aBP134.M4.U47 1998
100 3 _aتاليف حمزة، عمر يوسف,
_eauthor
_914581
245 0 0 _aالتداوي بالقرآن والسنة والحبة السوداء
250 _aط1
264 3 1 _aعمان: دار اسامة للنشر، 1998
300 _a117ص
336 _atext
_btxt
_2rdacontent
337 _aunmediated
_bn
_2rdamedia
338 _avolume
_bnc
_2rdacarrier
650 4 _aالطب في القران - العلاج الديني -الاسلام والطب -الطب النبوي - الحبة السوداء
_914582
999 _aA3922
_c7490
_d7490